Entry Personal Name
Number of records used in: 1
001 - CONTROL NUMBER
003 - CONTROL NUMBER IDENTIFIER
005 - DATE AND TIME OF LATEST TRANSACTION
- control field:
20221109124606.0
008 - FIXED-LENGTH DATA ELEMENTS
- fixed length control field:
800826n| acannaab| |a aaa |||
010 ## - LIBRARY OF CONGRESS CONTROL NUMBER
- LC control number:
n 80083732
040 ## - CATALOGING SOURCE
- Original cataloging agency:
DLC
- Transcribing agency:
DLC
- Modifying agency:
DLC
100 10 - HEADING--PERSONAL NAME
- Personal name:
Karp, Gerald
400 10 - SEE FROM TRACING--PERSONAL NAME
- Personal name:
Karp, Gerry
670 ## - SOURCE DATA FOUND
- Source citation:
Berrill, N. J.
- Information found:
Development, 1976.
670 ## - SOURCE DATA FOUND
- Source citation:
His Cell biology, c1984:
- Information found:
CIP t.p. (Gerald Karp, professor of microbiology and cell science, Univ. of Fla.) data sheet (Gerald C. Karp)
670 ## - SOURCE DATA FOUND
- Source citation:
Brum, G.D. Biology, 1993:
- Information found:
CIP t.p. (Gerry Karp)
670 ## - SOURCE DATA FOUND
- Source citation:
Cell and molecular biology, c1996:
- Information found:
CIP t.p. (Gerald Karp) data sheet (b. 12-24-42)